| 000 | 00754nam a2200241 a 4500 | ||
|---|---|---|---|
| 001 | 000047572 | ||
| 003 | DO-SdBNP | ||
| 005 | 20231205112849.0 | ||
| 008 | 180703s2017 dr 000 spa d | ||
| 020 | _a9789945168372 | ||
| 040 |
_aDO-SdBNP _bspa _cBNPHU |
||
| 082 | 4 |
_aRD861.5 _bB467h _222 |
|
| 100 | 1 |
_aBenitez, Luisa _975219 |
|
| 245 | 1 | 0 |
_aHechizos de amor :. : _bpoemas y pensamientos para los enamorados / _cLuisa Benitez. |
| 260 |
_aSanto Domingo : _bBúho, _c2017. |
||
| 300 |
_a78 p. ; _c22 cm. |
||
| 500 | _aIncluye datos biográficos de la autora en las solapas | ||
| 590 | _aInventariado,2018/DG | ||
| 650 | 4 | _aPoesía dominicana | |
| 650 | 4 | _aLiteratura dominicana | |
| 910 | _aValidado. Control de calidad MFF | ||
| 942 |
_2ddc _cLBS1 |
||
| 999 |
_c47060 _d47060 |
||